Cien poemas japoneses
I tiakina i:
| Kaituhi matua: | |
|---|---|
| Hōputu: | Pukapuka |
| Reo: | Pāniora Hapanihi |
| I whakaputaina: |
Madrid
Gadir
2007
|
| Ngā marau: | |
| Ngā Tūtohu: |
Tāpirihia he Tūtohu
Kāore He Tūtohu, Me noho koe te mea tuatahi ki te tūtohu i tēnei pūkete!
|
MARC
| LEADER | 00000cam a2200000 a 4500 | ||
|---|---|---|---|
| 001 | UCG8460 | ||
| 003 | CL-VaPUC | ||
| 008 | 111212e20070000SP |||||||||||||||||spa|d | ||
| 020 | |a 9788493603328 | ||
| 041 | 0 | 7 | |a spa |2 CL-VaPUC |
| 041 | 0 | 7 | |a jpn |2 CL-VaPUC |
| 082 | 0 | 4 | |a 895.601 |b REX |2 21 |
| 100 | 0 | |a Rexroth, Kenneth |e author |9 559489 | |
| 245 | 1 | 0 | |a Cien poemas japoneses |
| 300 | |a 175 p | ||
| 942 | |c BK | ||
| 945 | |d 20111212 00:00:00 |a dcastane | ||
| 260 | |a Madrid |b Gadir |c 2007 | ||
| 650 | 0 | |a Poesías japonesas |9 319966 | |
| 650 | 0 | |a Literatura japonesa |9 266543 | |
| 583 | |a last modification |c 20111212 13:13:00 |k Rodrigo Vera | ||
| 999 | |c 346070 |d 346068 | ||
| 952 | |0 0 |1 0 |4 0 |6 895_601000000000000_REX_2007 |7 0 |8 A |9 446555 |a BIBART |b BIBART |d 2019-11-22 |i 4812077 |l 3 |m 2 |o 895.601 REX 2007 |p 4812077 |r 2025-03-13 |s 2024-10-28 |w 2019-11-22 |y BK |k ART | ||